<An> Outline of American Government

Salvato in:
Dettagli Bibliografici
Natura: Libro
Lingua:inglese
Pubblicazione: Washington United States Information Agency 1990
Edizione:1. ed.
Soggetti:
Tags: Aggiungi Tag
Nessun Tag, puoi essere il primo ad aggiungerne!!

MARC

LEADER 00000nam a2200000 4500
001 c005476
005 20221206122631.5
041 0 |a eng 
044 |a US 
245 1 0 |a <An> Outline of American Government 
250 |a 1. ed. 
264 1 |a Washington  |b United States Information Agency  |c 1990 
300 |a 124 s. 
610 2 0 |a USA 
610 2 0 |a vláda 
610 2 0 |a ústava 
610 2 0 |a legislatíva 
610 2 0 |a právo